000
00257nam a22000977a 4500
999
_c
11599
_d
11599
008
190805b ||||| |||| 00| 0 eng d
020
_a
9780241365724
100
_a
Grossman Emily
_9
7308
245
_a
Findout Science
260
_a
India
_b
Penguin Random House
_c
2018